Expression en image - Statistiques

Statistiques générales
  • Ce quiz a été pris 1 804 fois
  • Le résultat moyen est 6 sur 12
Statistiques - réponses
Par images Réponse % Correct
Se tirer une balle dans le pied
91%
Chercher une aiguille dans une botte de foin
83%
Avoir des fourmis dans les jambes
77%
Mettre la charrue avant les boeufs
69%
Avoir le compas dans l’œil
63%
Avoir la grosse tête
58%
Jeter l’argent par les fenêtres
58%
Se jeter dans la gueule du loup
48%
Mettre des bâtons dans les roues
44%
Avoir l'estomac dans les talons
31%
Être la cinquième roue du carrosse
25%
Casser les pieds à quelqu’un
2%
Aucun quiz correspondant
Distribution des résultats
% des personnes avec chaque résultat
Percentile par nombre de réponses
Votre historique - résultats
Vous n’avez pas pris ce quiz